| 000 | 00357nam a2200121Ia 4500 | ||
|---|---|---|---|
| 008 | 230907s9999||||xx |||||||||||||| ||und|| | ||
| 082 |
_a320.984 _bVAN |
||
| 100 |
_aVan Cott, Donna Lee. _9115909 |
||
| 245 | 0 | _aRadical democracy in the Andes / | |
| 260 |
_aCambridge University Press, _bCambridge ; | New York : _c2009 |
||
| 300 | _axv, 261 p. ; | ||
| 942 | _cBK | ||
| 999 |
_c600122 _d600122 |
||